|
|
|
|
| LEADER |
00936nab#a2200337#ar4500 |
| 001 |
000117321 |
| 003 |
SVKKK |
| 005 |
20160602142153.0 |
| 008 |
160602c2013 xo |||||||||||||||b|slo |
| FMT |
|
|
|
| 015 |
|
|
|a SNBRB2016/06
|
| 038 |
|
|
|a SVKKK
|
| 040 |
|
|
|a SVKKK
|b slo
|e AACR2
|
| 041 |
0 |
|
|a slo
|
| 044 |
|
|
|a xo
|c SK
|
| 080 |
|
|
|a 929 Hlavatý, Zoltán
|2 2011
|
| 080 |
|
|
|a 55-051
|2 2011
|
| 100 |
1 |
|
|a Hlavatý, Zoltán
|c ml.
|4 aut
|
| 245 |
1 |
0 |
|a Zoltán Hlavatý (*21.11.1941 †1.9.2013)
|c Zoltán Hlavatý ml.
|
| 246 |
3 |
1 |
|a Zoltán Hlavatý (*21.11.1941 †1.9.2013)
|
| 300 |
|
|
|b Fotogr.
|
| 600 |
1 |
4 |
|a Hlavatý, Zoltán
|d 1941-2013
|x hydrogeológ
|
| 773 |
0 |
|
|t Podzemná voda
|x 1335-1052
|g Roč. 19, č. 2 (2013), s. 164
|
| 958 |
|
|
|a BX
|
| 974 |
|
|
|a Va
|
| 992 |
|
|
|a RBX
|
| BAS |
|
|
|
| 852 |
|
|
|a SVKKK
|b BIB
|
| 856 |
4 |
1 |
|a http://www.sah-podzemnavoda.sk/cms/e107_plugins/content/content.php?content.514
|
| EXP |
|
|
|
| 998 |
|
|
|a GEO
|